Applied Physics - 1 (Record no. 295573)

MARC details
000 -LEADER
fixed length control field 00388nam a2200157Ia 4500
008 - FIXED-LENGTH DATA ELEMENTS--GENERAL INFORMATION
fixed length control field 230718s9999 xx 000 0 und d
041 ## - LANGUAGE CODE
Language code of text/sound track or separate title eng
082 ## - DEWEY DECIMAL CLASSIFICATION NUMBER
Classification number 530
Item number PAU
100 ## - MAIN ENTRY--PERSONAL NAME
Personal name Paul G.C.
245 ## - TITLE STATEMENT
Title Applied Physics - 1
260 ## - PUBLICATION, DISTRIBUTION, ETC. (IMPRINT)
Date of publication, distribution, etc. 1996
Name of publisher, distributor, etc. Shree Publication
300 ## - PHYSICAL DESCRIPTION
Extent 184
365 ## - TRADE PRICE
Currency code Rs.
Price amount 35.00
700 ## - ADDED ENTRY--PERSONAL NAME
Personal name Paul G.C. & Panajkar R.
906 ## - LOCAL DATA ELEMENT F, LDF (RLIN)
d B:97505-Aug-1996
c PHY
b 5.25
Holdings
Withdrawn status Lost status Damaged status Not for loan Home library Current library Date acquired Vendor Budget Code Cost, normal purchase price Bill number Full call number Barcode Date last seen Discount Cost, replacement price Bill Date Koha item type Original Barcode
Withdrawn       Cummins College of Engineering for Women Pune Cummins College of Engineering for Women Pune 13/08/1996 Pradeep Book Distributors PHY 29.75 975 530 CCEP-BK-6778 18/07/2023 5.25 35.00 05/08/1996 Books 006778